000 00611nam a2200217Ia 4500
005 20241129120041.0
008 241129s9999||||xx |||||||||||||| ||und||
020 _a9788196170028
037 _aTB
040 _aSDCL
_beng
_cSDCL
041 _aeng
_2eng
084 _aV2'P, R3
_qSDCL
100 _aBundela Yashraj Singh
_9729009
245 0 _aIntegration of Bharat: Political and constitutional perspective
260 _aNew Delhi
_bMohan Law House
_c2023
300 _axlii,794p.
365 _aINR
_b1495
650 _aPolitical Science
942 _cTB
_hV2'P, R3
999 _c1233130
_d1233130